| 000 | 01272 a2200301 4500 | ||
|---|---|---|---|
| 003 | Nust | ||
| 005 | 20170207154052.0 | ||
| 010 | _a 2006028874 | ||
| 020 | _a0816068089 | ||
| 020 | _a9780816068081 | ||
| 035 | _a(OCoLC)71329803 | ||
| 035 | _a(OCoLC)ocm71329803 | ||
| 040 | _cNust | ||
| 082 | 0 | 0 | _a382/.71 |
| 100 | 1 | _aGoldstein, Natalie. | |
| 245 | 1 | 0 |
_aGlobalization and free trade(E-BOOK) _cNatalie Goldstein ; foreword by Frank W. Musgrave. |
| 260 |
_aNew York : _bFacts On File, _cc2007. |
||
| 300 |
_ax, 406 p. : _bill. ; _c24 cm. |
||
| 490 | 1 | _aGlobal issues | |
| 505 | 0 |
_aAt issue -- Introduction -- Focus on the United States -- Global perspectives -- Primary sources -- United States documents -- International documents -- Research tools -- How to research globalization and free trade -- Facts and figures -- Key players A to Z -- Organizations and agencies -- Annotated bibliography. _gDesign (Page-1), Application (Page-201) |
|
| 538 | _aAlmirah No.41 Shelf No.3 | ||
| 650 | 0 | _aFree trade | |
| 650 | 0 |
_aGlobalization _xEconomic aspects |
|
| 650 | 0 | _aInternational economic integration | |
| 651 | _aE-BOOK | ||
| 830 | 0 | _aGlobal issues (Facts on File, Inc.) | |
| 856 | 4 | 1 |
_3Table of contents only _uhttp://www.loc.gov/catdir/toc/ecip0620/2006028874.html |
| 942 |
_2ddc _cBK |
||
| 999 |
_c193159 _d193159 |
||